| 000 | 00875nam a22001817a 4500 | ||
|---|---|---|---|
| 999 |
_c61545 _d61545 |
||
| 005 | 20240322145222.0 | ||
| 008 | 240322c1968 ge ||||| |||| 00| 0 geo d | ||
| 041 | _ageo | ||
| 245 |
_aძეგლის მეგობარი = Друзья памятников культуры : _b1968 / _cრედაქტორი ირაკლი აბაშიძე. |
||
| 260 |
_aთბილისი, _c1964- |
||
| 300 | _aV. | ||
| 440 |
_aმატერიალური კულტურის ძეგლები _921550 |
||
| 653 | _aძეგლის მეგობარი | ||
| 653 | _aპერიოდიკა | ||
| 700 |
_aაბაშიძე, ირაკლი _eრედაქტორი _921552 |
||
| 856 |
_uhttps://iverieli.nplg.gov.ge/bitstream/1234/27786/3/Dzeglis_Megobari_1968_N16.pdf _yელ. ვერსია. pdf |
||
| 942 |
_2udc _cCR |
||